Sports Quiz

Random Sports or Football Quiz

2012 Pro Bowl Roster Quiz Stats

 Plays Quiz Updated Sep 13, 2019

Score 0/84 Timer 07:00
2 Plays Today
Position Player % Correct
QB (AFC)Tom Brady
99%
QB (NFC)Eli Manning
97.2%
QB (NFC)Aaron Rodgers
97%
QB (NFC)Drew Brees
96.8%
QB (AFC)Philip Rivers
95.5%
WR (NFC)Calvin Johnson
92.3%
RB (AFC)Ray Rice
91.7%
ILB (AFC)Derrick Johnson
91.3%
QB (AFC)Ben Roethlisberger
89.5%
WR (NFC)Larry Fitzgerald
88.8%
RB (NFC)Frank Gore
88.6%
RB (AFC)Arian Foster
88.6%
WR (NFC)Steve Smith
88.3%
RB (AFC)Maurice Jones-Drew
87.9%
TE (AFC)Rob Gronkowski
87.7%
DT (NFC)Justin Smith
87.4%
RB (NFC)LeSean McCoy
86.2%
RB (NFC)Matt Forte
85.6%
WR (AFC)Wes Welker
84.8%
TE (AFC)Antonio Gates
83.6%
WR (AFC)A.J. Green
82.9%
TE (NFC)Jimmy Graham
81.8%
TE (NFC)Tony Gonzalez
81.4%
ST (NFC)Corey Graham
80.8%
ILB (AFC)Ray Lewis
77.2%
WR (NFC)Greg Jennings
75.3%
WR (AFC)Mike Wallace
72.4%
CB (AFC)Darrelle Revis
70.6%
Position Player % Correct
WR (AFC)Brandon Marshall
68.9%
FS (AFC)Ed Reed
68.8%
FB (NFC)John Kuhn
67.1%
DE (NFC)Jared Allen
65.7%
OLB (NFC)DeMarcus Ware
65%
OLB (AFC)Terrell Suggs
64.8%
DE (AFC)Dwight Freeney
63.8%
ILB (NFC)Brian Urlacher
63.3%
ILB (NFC)Patrick Willis
62.2%
OLB (NFC)Clay Matthews
62.1%
T (AFC)Joe Thomas
62.1%
FS (NFC)Earl Thomas
61.8%
OLB (AFC)Von Miller
60.4%
KR (AFC)Antonio Brown
60%
DT (AFC)Vince Wilfork
59.3%
CB (AFC)Champ Bailey
58%
CB (NFC)Charles Woodson
57.2%
DT (AFC)Haloti Ngata
55.5%
K (AFC)Sebastian Janikowski
55.2%
SS (AFC)Troy Polamalu
54.6%
C (AFC)Maurkice Pouncey
53%
DE (NFC)Jason Pierre-Paul
51.2%
K (NFC)David Akers
48.4%
C (AFC)Nick Mangold
48%
T (AFC)Jake Long
47.9%
T (NFC)Jason Peters
47.2%
KR (NFC)Patrick Peterson
44.3%
FB (AFC)Vonta Leach
44.1%
Position Player % Correct
OLB (NFC)Lance Briggs
42.1%
P (AFC)Shane Lechler
41.9%
DT (NFC)B.J. Raji
40.1%
G (AFC)Logan Mankins
39.2%
P (NFC)Andy Lee
38.3%
FS (AFC)Eric Weddle
37.9%
DE (AFC)Elvis Dumervil
37.6%
T (AFC)D'Brickashaw Ferguson
37.1%
DE (NFC)Jason Babin
36%
CB (NFC)Charles Tillman
34.8%
OLB (AFC)Tamba Hali
34.5%
DT (AFC)Richard Seymour
34.1%
CB (AFC)Johnathan Joseph
32%
G (NFC)Davin Joseph
32%
T (NFC)Joe Staley
30.5%
SS (NFC)Adrian Wilson
30.4%
CB (NFC)Carlos Rogers
27.3%
G (NFC)Jahri Evans
24.1%
C (NFC)Ryan Kalil
23.8%
DT (NFC)Jay Ratliff
22.5%
G (NFC)Carl Nicks
19.9%
FS (NFC)Dashon Goldson
17.5%
G (AFC)Marshal Yanda
17.4%
DE (AFC)Andre Carter
16.7%
ST (AFC)Matthew Slater
13.7%
T (NFC)Jermon Bushrod
11.9%
G (AFC)Brian Waters
11.8%
C (NFC)Scott Wells
9.7%

You're not logged in!

Compare scores with friends on all Sporcle quizzes.
OR
Log In

Sporcle TV

Today on Sporcle TV


Watch our educational content, quiz creation guides, and fun videos on Sporcle TV.

Show Comments

Extras

Top Quizzes Today


Score Distribution

Your Account Isn't Verified!

In order to create a playlist on Sporcle, you need to verify the email address you used during registration. Go to your Sporcle Settings to finish the process.

Report this User

Report this user for behavior that violates our Community Guidelines.

Details: